000 00914nam a2200253Ia 4500
003 OSt
005 20221005113115.0
006 a|||||r|||| 00| 0
007 ta
008 221004b |||||||| |||| 00| 0 pan d
020 _a81876541066 (hbk)
_c250
024 _a117629
037 _b595, 09/02/2012, H.K. Prakashan
_cTextual
040 _aCRL
_cCRL
_bpan
041 _2pan
_apan
082 _aO153:g, L7;P7.3
100 _aਨੂਰ, ਸੁਤਿੰਦਰ ਸਿੰਘ, ਥਦ।
245 0 _aਨਵੀ੍ਵ ਪੰਜਾਬੀ ਆਲੋਚਨਾ
260 _aਦਿੱਲੀ
_bਮਨਪ੍ਰੀਤ ਪ੍ਰਕਾਨ ਭਾਰਤ
_c2007
300 _a184ਪੰ
_ccm.
650 _aਪੰਜਾਬੀ ਸਾਹਿਤ
942 _hO153:g, L7;P7.3
_cTEXL
_2cc
999 _c1027072
_d1027072